MARC

LEADER 00000nam0a2200000 4500
001 331169
005 20231102004329.0
035 |a (RuTPU)RU\TPU\book\356962 
090 |a 331169 
100 |a 20170417d1960 km y0rusy50 ca 
101 0 |a rus 
102 |a RU 
105 |a a z 001zy 
200 1 |a Износостойкость деталей и долговечность горных машин  |f М. М. Тененбаум 
210 |a Москва  |c Госгортехиздат  |d 1960 
215 |a 246 с.  |c ил. 
320 |a Библиогр.: с. 236-244 
606 1 |a Горные машины  |x Детали  |2 stltpush  |3 (RuTPU)RU\TPU\subj\7840 
606 1 |a Горные машины  |x Долговечность  |2 stltpush  |3 (RuTPU)RU\TPU\subj\7876  |9 35399 
610 1 |a износостойкость 
610 1 |a абразивные процессы 
610 1 |a тепловые факторы 
610 1 |a коррозия 
610 1 |a угольные комбайны 
610 1 |a скребковые конвейеры 
610 1 |a шахтные вагонетки 
610 1 |a перфораторы 
610 1 |a отбойные молотки 
675 |a 622.002.5-2  |v 4 
675 |a 622.002.5-192  |v 4 
700 1 |a Тененбаум  |b М. М.  |g Михаил Михайлович 
801 1 |a RU  |b 63413507  |c 20170417 
801 2 |a RU  |b 63413507  |c 20170426  |g RCR 
942 |c BK